Compras públicas centralizadas no Brasil : (Record no. 180)

MARC details
000 -LÍDER
Campo Fixo de Controle 00997cam a2200265 a 4500
001 - NÚMERO DE CONTROLE
Campo de Controle 180
003 - IDENTIFICAÇÃO DO NÚMERO DE CONTROLE
Campo de Controle BR-CuiBMT
005 - DATA E HORA DA ÚLTIMA ATUALIZAÇÃO
Campo de Controle 20231108040245.0
008 - DADOS FIXOS
Dados Fixos 230824s2023 mgba 000 0 por d
020 ## - INTERNATIONAL STANDARD BOOK NUMBER
Nº do ISBN 9786555184631
040 ## - AGÊNCIA CATALOGADORA
Código da Agência Catalogadora BR-CuiBMT
Agência que transcreveu o registro BR-CuiBMT
080 ## - Nº DA CLASSIFICAÇÃO DECIMAL UNIVERSAL
Nº edição CDU 2007
Nº Class. CDU 351.712.2.02
Subd. Auxiliar Comum (81)
090 ## - NÚMERO DE CHAMADA
Nº classificação 351.712.2.02(81)
Cutter C737
245 00 - TÍTULO PRINCIPAL
Título principal Compras públicas centralizadas no Brasil :
Subtítulo teoria, prática e perspectivas /
Indicação de responsabilidade Virgínia Bracarense Lopes, Felippe Vilaça Loureiro Santos, coordenadores ; prefácio Antonio Augusto Junho Anastasia.
260 ## - PUBLICAÇÃO, DISTRIBUIÇÃO, ETC.
Local de publicação Belo Horizonte :
Editora Fórum,
Data 2023.
300 ## - DESCRIÇÃO FÍSICA
N. páginas ou volumes 476 p. :
Ilustrações il. ;
Dimensões 22 cm
504 ## - NOTA DE BIBLIOGRAFIA, ETC.
Nota de bibliografia Inclui bibliografia.
650 ## - ASSUNTO TÓPICO
Cabeçalho tópico ou nome geográfico Licitações e contratos
Subdivisão geral Direito administrativo
650 ## - ASSUNTO TÓPICO
Cabeçalho tópico ou nome geográfico Gestão pública
Subdivisão geral Compras governamentais
650 ## - ASSUNTO TÓPICO
Cabeçalho tópico ou nome geográfico Compras públicas
Subdivisão geográfica Brasil
650 ## - ASSUNTO TÓPICO
Cabeçalho tópico ou nome geográfico Administração pública
700 1# - ENTRADA SECUNDÁRIA -- NOME PESSOAL
Nome pessoal Lopes, Virgínia Bracarense
Cód. do termo explicativo coord.
700 1# - ENTRADA SECUNDÁRIA -- NOME PESSOAL
Nome pessoal Santos, Felippe Vilaça Loureiro
Cód. do termo explicativo coord.
942 ## - ELEMENTOS DE ENTRADA ADICIONAIS (KOHA)
Fonte de classificação ou esquema de arquivamento Classificação Decimal Universal
Tipo de item do Koha Livros
Holdings
Estado: removido Estado: perdido Fonte de classificação ou esquema de arquivamento Estado: danificado Indisponível para empréstimo Localização permanente Localização atual Data de aquisição Total Checkouts Número de Chamada completo Código de barras Date last seen Número do exemplar Preço efetivo a partir de Tipo de item (Koha)
    Classificação Decimal Universal     Biblioteca da Escola Superior de Contas do TCE/MT Biblioteca da Escola Superior de Contas do TCE/MT 28/07/2023   351.712.2.02(81) C737 BIBTCEMT23080157 24/08/2023 Ex. 1 24/08/2023 Livros

Powered by Koha